含鼠的常见四字成语 Common 4-character idioms with “rats” - Statistics

General Stats
  • This quiz has been taken 4 times
  • The average score is 5 of 68
Answer Stats
成语 % Correct
zm 贼眉鼠眼
100%
bt 抱头鼠窜
75%
dx 胆小如鼠
75%
ss 首鼠两端
75%
gj 过街老鼠
50%
mg 目光如鼠
25%
mz 马捉老鼠
25%
sd 鼠肚鸡肠
25%
sm 鼠目獐头
25%
ts 投鼠忌器
25%
zt 獐头鼠目
25%
cb 虫臂鼠肝
0%
ch 城狐社鼠
0%
cy 鸱鸦嗜鼠
0%
cz 鸱张鼠伏
0%
dt 掉头鼠窜
0%
ft 奉头鼠窜
0%
gc 孤雏腐鼠
0%
gc 官仓老鼠
0%
gd 狗逮老鼠
0%
gd 狗盗鼠窃
0%
gt 狗偷鼠窃
0%
gt 狗头鼠脑
0%
gt 孤豚腐鼠
0%
hb 狐奔鼠窜
0%
hp 狐凭鼠伏
0%
hq 狐潜鼠伏
0%
hs 狐鼠之徒
0%
jf 稷蜂社鼠
0%
js 掘室求鼠
0%
jt 进退首鼠
0%
lb 狼奔鼠窜
0%
lb 狼奔鼠偷
0%
lq 罗雀掘鼠
0%
ls 两鼠斗穴
0%
lt 狼贪鼠窃
0%
mk 猫哭老鼠
0%
ms 猫鼠同眠
0%
pt 捧头鼠窜
0%
qj 雀角鼠牙
0%
qs 穷鼠啮狸
0%
qs 雀鼠之争
0%
sc 鼠窜狼奔
0%
sf 鼠腹鸡肠
0%
sf 鼠腹蜗肠
0%
sg 鼠肝虫臂
0%
sp 鼠凭社贵
0%
sq 鼠窃狗盗
0%
sq 鼠窃狗偷
0%
ss 三蛇七鼠
0%
ss 社鼠城狐
0%
ss 十鼠同穴
0%
ss 鼠屎污羹
0%
sx 鼠心狼肺
0%
sy 鼠牙雀角
0%
ws 梧鼠技穷
0%
ws 梧鼠五技
0%
xs 相鼠有皮
0%
yh 饮河鼹鼠
0%
yk 蚁溃鼠骇
0%
yl 以狸饵鼠
0%
yl 以狸致鼠
0%
ys 偃鼠饮河
0%
yy 蝇营鼠窥
0%
zf 雉伏鼠窜
0%
zs 掷鼠忌器
0%
zs 捉鼠拿猫
0%
zt 贼头鼠脑
0%
No matching quizzes found
Score Distribution
Percent of People with Each Score
Percentile by Number Answered
Your Score History
You have not taken this quiz